Statistics for Flags and Vexillology Multiple Choice Quiz, Part 2

Click here to take the quiz!

General Stats

  • This quiz has been taken 28 times
  • The average score is 8 of 13

Answer Stats

QuestionAnswer% Correct
What is on the flag of Eswatini and Kenya?A spear and a shield
88%
What is the oldest national flag used continuously?Flag of Denmark
84%
What building is on the flag of Cambodia?The Angkor Wat
80%
What is the tree on the flag of Lebanon?A cedar tree
72%
Which flag depicts the equator on it?The flag of Nauru
68%
How many crosses are there on the flag of Georgia (country)?5
64%
Which two countries' flags would be nearly the same had the coats of arms been removed?Haiti & Liechtenstein
64%
If I remove the star from the flag of Jordan, it becomes:The flag of Palestine
60%
If I put the EU flag onto the top-left corner of the Austrian flag and added one star, what would be the new flag?The flag of the Confederate States of America
56%
Flying the Filipino flag downwards signifies that -The Philippines are at war.
52%
Which flag inspired the flag of Russia?The flag of the Netherlands
48%
What is at the center of the Indian flag?The Ashoka Chakra
40%
Who is the designer of the flag of France?Jacques Louis-David
20%

Score Distribution

Percentile by Number Answered

Percent of People with Each Score

Your Score History

You have not taken this quiz